000 00507nam a22001697a 4500
005 20251108164047.0
008 250721s2010 xx 000 0 ara d
082 1 4 _a818.07/خطي
100 1 _aالخطيب، نعيم
245 1 0 _aعلى الغارب في سرد الذات /
264 1 _aعمان :
_bدار أزمنة للنشر و التوزيع،
_c2010.
300 _a121ص.
650 1 7 _aالادب العربي
653 _aالمنوعات الادبية
942 _2ddc
_cBK
999 _c2606
_d2606